| 000 | 00584nam a2200181Ia 4500 | ||
|---|---|---|---|
| 008 | 151018s9999 xx 000 0 und d | ||
| 082 |
_bRBASDV63355 _a891.463 |
||
| 100 | _aसुरेश पोरे | ||
| 245 | _aचांदण्यातील धग | ||
| 250 | _b1 | ||
| 260 |
_b"चेतक बुक्स, पुणे" _c2014 |
||
| 300 | _a232 | ||
| 600 | _aसुरेश पोरे | ||
| 630 | _aचांदण्यातील धग | ||
| 700 | _aसुरेश पोरे | ||
| 730 | _aचांदण्यातील धग | ||
| 942 | _cBOOK | ||
| 999 |
_c1055698 _d1055695 |
||